[Event "43rd Guernsey Festival 2017"]
[Site "Vale"]
[Date "2017.10.19"]
[Round "5"]
[White "Mack, Wolfgang"]
[Black "Whatley, Stephen A J"]
[Result "1/2-1/2"]
[WhiteElo "2149"]
[BlackElo "2159"]
[Annotator "ChessBase"]
[PlyCount "166"]
[EventDate "2017.??.??"]
[EventType "swiss"]
[EventCountry "GCI"]
[SourceTitle "playchess.com"]
[Source "ChessBase"]
[SourceQuality "1"]
[TimeControl "40/6000+30:2400+30"]

1. c4 {[%emt 0:00:00]} f5 {[%emt 0:06:26]} 2. Nc3 {[%emt 0:00:07]} Nf6 {[%emt 0:00:18]} 3. g3 {[%emt 0:00:45]} d6 {[%emt 0:00:19]} 4. Bg2 {[%emt 0:00:19]} g6 {[%emt 0:00:09]} 5. e4 {[%emt 0:00:55]} c6 {[%emt 0:05:21]} 6. h4 {[%emt 0:03:13]} Bg7 {[%emt 0:12:10]} 7. d3 {[%emt 0:05:20]} O-O {[%emt 0:06:24]} 8. Nh3 {[%emt 0:06:51]} e5 {[%emt 0:02:31]} 9. Bg5 {[%emt 0:01:37]} Na6 {[%emt 0:12:28]} 10. Qd2 {[%emt 0:18:15]} Nc5 {[%emt 0:01:44]} 11. O-O-O {[%emt 0:04:53]} fxe4 {[%emt 0:09:23]} 12. dxe4 {[%emt 0:16:17]} Be6 {[%emt 0:00:56]} 13. Qxd6 {[%emt 0:09:55]} Qxd6 {[%emt 0:11:38]} 14. Rxd6 {[%emt 0:00:13]} Bxc4 {[%emt 0:00:42]} 15. Rhd1 {[%emt 0:05:22]} Be6 {[%emt 0:08:12]} 16. Ng1 {[%emt 0:04:30]} Bc8 {[%emt 0:06:03]} 17. Be3 {[%emt 0:13:52]} Ncd7 {[%emt 0:04:46]} 18. Bh3 {[%emt 0:00:19]} Nb6 {[%emt 0:00:39]} 19. b3 {[%emt 0:02:15]} Bxh3 {[%emt 0:02:44]} 20. Nxh3 {[%emt 0:00:08]} Ng4 {[%emt 0:06:47]} 21. Bc5 {[%emt 0:00:48]} Bh6+ {[%emt 0:02:12]} 22. Kb2 {[%emt 0:00:55]} Rf7 {[%emt 0:00:39]} 23. R6d3 {[%emt 0:02:52]} Bf8 {[%emt 0:01:17]} 24. Bxb6 {[%emt 0:00:19]} axb6 {[%emt 0:00:01]} 25. f3 {[%emt 0:00:22]} Ba3+ {[%emt 0:02:27]} 26. Kb1 {[%emt 0:01:11]} Nf6 {[%emt 0:00:08]} 27. Ng5 {[%emt 0:01:36]} Re7 {[%emt 0:00:15]} 28. Na4 {[%emt 0:00:23]} Ra6 {[%emt 0:02:06]} 29. Rd8+ {[%emt 0:01:37]} Kg7 {[%emt 0:00:01]} 30. R1d3 {[%emt 0:00:34]} b5 {[%emt 0:00:54]} 31. Nc3 {[%emt 0:01:39]} Bb4 {[%emt 0:01:09]} 32. Ne2 {[%emt 0:00:53]} b6 {[%emt 0:01:32]} 33. Rc8 {[%emt 0:02:30]} h6 {[%emt 0:00:12]} 34. Nh3 {[%emt 0:00:15]} Rea7 {[%emt 0:02:08]} 35. Nc1 {[%emt 0:03:30]} Ba3 {[%emt 0:00:12]} 36. Ne2 {[%emt 0:00:46]} Bb4 {[%emt 0:00:35]} 37. Nc1 {[%emt 0:00:17]} c5 {[%emt 0:01:22]} 38. Ng1 {[%emt 0:01:57]} Ba3 {[%emt 0:01:12]} 39. Nce2 {[%emt 0:00:35]} Bb4 {[%emt 0:00:45]} 40. Nc1 {[%emt 0:00:07]} Ba3 {[%emt 0:40:48]} 41. Nge2 {[%emt 0:03:52]} Nd7 {[%emt 0:00:00]} 42. Rd5 {[%emt 0:01:49]} Ra5 {[%emt 0:00:00]} 43. Nd3 {[%emt 0:00:57]} c4 {[%emt 0:00:00]} 44. bxc4 {[%emt 0:08:13]} Bc5 {[%emt 0:00:00]} 45. cxb5 {[%emt 0:15:06]} Rxb5+ {[%emt 0:00:00]} 46. Nb2 {[%emt 0:00:20]} Rba5 {[%emt 0:00:00]} 47. Nc1 {[%emt 0:02:10]} Ra3 {[%emt 0:02:06]} 48. Rd3 {[%emt 0:02:23]} Nf8 {[%emt 0:01:56]} 49. Nc4 {[%emt 0:03:14]} R3a4 {[%emt 0:00:48]} 50. Nxe5 {[%emt 0:00:44]} Bf2 {[%emt 0:00:03]} 51. f4 {[%emt 0:00:32]} Rxe4 {[%emt 0:00:28]} 52. Rc2 {[%emt 0:02:54]} Bc5 {[%emt 0:00:36]} 53. Re2 {[%emt 0:00:34]} Rea4 {[%emt 0:00:37]} 54. Nb3 {[%emt 0:00:28]} Ba3 {[%emt 0:00:24]} 55. Rd4 {[%emt 0:00:42]} b5 {[%emt 0:00:37]} 56. Rd5 {[%emt 0:01:04]} Rb7 {[%emt 0:00:37]} 57. Nc6 {[%emt 0:01:36]} Ra8 {[%emt 0:01:03]} 58. Ncd4 {[%emt 0:00:31]} b4 {[%emt 0:00:03]} 59. Kc2 {[%emt 0:01:51]} Rc8+ {[%emt 0:00:28]} 60. Rc5 {[%emt 0:01:12]} Rxc5+ {[%emt 0:00:25]} 61. Nxc5 {[%emt 0:00:01]} Rc7 {[%emt 0:00:08]} 62. Ndb3 {[%emt 0:00:11]} Kf7 {[%emt 0:00:20]} 63. Kd3 {[%emt 0:00:18]} Nd7 {[%emt 0:00:24]} 64. Kd4 {[%emt 0:01:17]} Nf6 {[%emt 0:01:08]} 65. Kc4 {[%emt 0:00:33]} Nd7 {[%emt 0:00:14]} 66. Kb5 {[%emt 0:00:15]} Nf6 {[%emt 0:00:35]} 67. Kc4 {[%emt 0:01:06]} Nd7 {[%emt 0:00:06]} 68. Kd4 {[%emt 0:00:13]} Nf6 {[%emt 0:00:14]} 69. Ke3 {[%emt 0:01:08]} Nd5+ {[%emt 0:00:16]} 70. Kf3 {[%emt 0:00:19]} Nc3 {[%emt 0:00:28]} 71. Rd2 {[%emt 0:00:09]} Ra7 {[%emt 0:01:03]} 72. Rc2 {[%emt 0:00:18]} Re7 {[%emt 0:00:25]} 73. Nd3 {[%emt 0:01:22]} Nd1 {[%emt 0:00:37]} 74. Ne5+ {[%emt 0:00:14]} Kg7 {[%emt 0:00:15]} 75. Rd2 {[%emt 0:00:21]} Nc3 {[%emt 0:00:26]} 76. Nd4 {[%emt 0:00:42]} Rb7 {[%emt 0:00:16]} 77. g4 {[%emt 0:00:39]} Bc1 {[%emt 0:01:16]} 78. Rc2 {[%emt 0:00:26]} Nxa2 {[%emt 0:00:01]} 79. g5 {[%emt 0:00:50]} b3 {[%emt 0:00:28]} 80. Ne6+ {[%emt 0:00:31]} Kh7 {[%emt 0:00:34]} 81. Nf8+ {[%emt 0:00:32]} Kg7 {[%emt 0:00:52]} 82. Ne6+ {[%emt 0:00:02]} Kh7 {[%emt 0:00:34]} 83. Nf8+ {[%emt 0:00:59]} Kg8 1/2-1/2

[Event "43rd Guernsey Festival 2017"]
[Site "Vale"]
[Date "2017.10.19"]
[Round "5"]
[White "Hoogland, Dirk"]
[Black "Heppell, Ian N"]
[Result "1-0"]
[WhiteElo "2098"]
[BlackElo "2034"]
[Annotator "NA RC"]
[PlyCount "77"]
[EventDate "2017.??.??"]
[EventType "swiss"]
[EventCountry "GCI"]
[SourceTitle "playchess.com"]
[Source "ChessBase"]
[SourceQuality "1"]
[TimeControl "40/6000+30:2400+30"]

{[%evp 16,77,19,31,36,36,66,59,81,43,45,40,54,0,4,-53,9,0,14,0,45,26,37,20,47,48,50,0,-5,0,5,-21,0,-123,-122,-143,-119,32767,32767,32767,32767,32767,-112,-92,32767,32767,32767,32767,-147,-150,-117,-112,-88,32767,32767,-134,75,51,64,48,230,297,554,653]} 1. c4 {[%emt 0:00:00]} e5 {[%emt 0:00:07]} 2. g3 {[%emt 0:00:00]} Nc6 {[%emt 0:00:15]} 3. Nc3 {[%emt 0:00:00]} f5 {[%emt 0:00:41]} 4. Nf3 {[%emt 0:00:10]} Nf6 {[%emt 0:00:14]} 5. d4 {[%emt 0:00:30]} d6 {[%emt 0:00:07]} 6. Bg5 {[%emt 0:07:07] A27: English Opening: Three Knights Variation} (6. dxe5 Nxe5 7. Bg2 c6 8. b3 g6 9. O-O Bg7 10. Ba3 Nf7 11. Qc2 O-O 12. Rad1 Qe7 13. Rfe1 Ne4 {1-0 (67) Gdanski,J (2542)-Kolosowski,M (2342) Katowice 2010}) 6... e4 {[%emt 0:15:48]} 7. Nh4 {[%emt 0:02:47]} Be7 {[%emt 0:01:34]} 8. Ng2 {[%emt 0:02:02]} O-O {[%emt 0:07:10]} 9. e3 {[%emt 0:06:27]} Qe8 $146 {[%emt 0:09:16]} ({Predecessor:} 9... Ng4 10. Bxe7 Nxe7 11. Be2 Nf6 12. h4 {0-1 (40) Bus,T (2107)-Nabuurs,J (2206) Maastricht 2013}) 10. Nf4 {[%emt 0:01:53]} Bd7 {[%emt 0:06:09]} 11. Be2 {[%emt 0:02:00]} Nd8 {[%emt 0:04:35]} 12. Qb3 {[%emt 0:07:22]} c6 {[%emt 0:03:54]} 13. h4 {[%emt 0:00:24]} Rb8 {[%emt 0:07:51]} 14. a4 {[%emt 0:02:52]} Ne6 {[%emt 0:05:40]} 15. Qd1 {[%emt 0:12:55]} ({White should try} 15. c5 $11 Qf7 16. cxd6 Bxd6 17. Bc4) 15... Nxf4 {[%emt 0:04:27]} (15... Nxg5 $15 16. hxg5 Ng4) 16. Bxf4 {[%emt 0:00:32]} Rd8 {[%emt 0:03:09]} 17. d5 {[%emt 0:03:19]} c5 {[%emt 0:02:35]} 18. Kf1 {[%emt 0:02:04]} Bc8 {[%emt 0:04:03]} 19. Kg2 {[%emt 0:00:40]} Qf7 {[%emt 0:05:52]} 20. Rb1 {[%emt 0:03:34]} Ne8 {[%emt 0:02:51]} 21. Bh5 {[%emt 0:03:37]} g6 {[%emt 0:00:45]} 22. Be2 {[%emt 0:00:06]} Qg7 {[%emt 0:01:38]} 23. g4 {[%emt 0:02:08]} fxg4 $1 {[%emt 0:02:04]} 24. Bg3 {[%emt 0:03:04] [#]} (24. Nxe4 $11 Bf5 25. Bd3) 24... Nf6 $1 {[%emt 0:05:55]} 25. Qc2 {[%emt 0:03:34]} Nh5 {[%emt 0:05:19]} 26. Nxe4 {[%emt 0:04:22]} Bf5 {[%emt 0:00:12]} 27. Bd3 {[%emt 0:00:04]} Nxg3 {[%emt 0:00:16]} 28. Nxg3 {[%emt 0:00:55]} Bxd3 {[%emt 0:03:00]} 29. Qxd3 {[%emt 0:01:18]} Qf7 {[%emt 0:00:40]} 30. Qe2 {[%emt 0:00:31]} h5 {[%emt 0:01:12]} 31. b4 {[%emt 0:00:18]} cxb4 {[%emt 0:01:04]} 32. Rxb4 {[%emt 0:00:08]} b6 {[%emt 0:00:32]} 33. a5 {[%emt 0:00:08]} bxa5 {[%emt 0:00:38]} 34. Rb7 {[%emt 0:00:23]} Rb8 {[%emt 0:02:32]} 35. Rxa7 {[%emt 0:01:09]} (35. Rhb1 $1 $11 {was the only way to keep the balance.} Rxb7 36. Rxb7) 35... Qf3+ $2 {[%emt 0:00:28]} (35... Ra8 $17 {keeps the pressure on.} 36. Rb7 a4) 36. Qxf3 {[%emt 0:00:27]} gxf3+ {[%emt 0:00:06]} 37. Kh3 {[%emt 0:00:19]} Bd8 $2 {[%emt 0:02:59]} (37... Rfe8 $16) 38. Ne4 {[%emt 0:00:37]} Rb2 $2 {[%emt 0:00:48]} (38... Rf7 39. Ra6 Be7) 39. Rg1 $18 {[%emt 0:00:52]} 1-0

[Event "43rd Guernsey Festival 2017"]
[Site "Vale"]
[Date "2017.10.19"]
[Round "5"]
[White "Curtis, John E"]
[Black "Van Dijk, Bram"]
[Result "1-0"]
[WhiteElo "2093"]
[BlackElo "1999"]
[Annotator "NA RC"]
[PlyCount "64"]
[EventDate "2017.??.??"]
[EventType "swiss"]
[EventCountry "GCI"]
[SourceTitle "playchess.com"]
[Source "ChessBase"]
[SourceQuality "1"]
[TimeControl "40/6000+30:2400+30"]

{[%evp 18,64,61,56,54,45,65,16,27,9,68,58,80,54,80,53,73,48,47,24,23,6,54,31,47,13,57,37,60,20,27,0,0,-54,46,28,60,54,32767,32767,64,32767,62,71,61,32767,32767,72,75]} 1. d4 {[%emt 0:00:00]} d5 {[%emt 0:00:05]} 2. Nf3 {[%emt 0:00:00]} c6 {[%emt 0:00:14]} 3. c4 {[%emt 0:00:07]} dxc4 {[%emt 0:00:07]} 4. a4 {[%emt 0:01:30]} Nf6 {[%emt 0:03:23] D11: Slav Defence: 3 Nf3 sidelines and 3...Nf6 4 e3 Bg4} (4... e6 5. e3 b5 6. b3 Bb4+ 7. Bd2 Bxd2+ 8. Qxd2 a5 9. bxc4 b4 10. c5 Nf6 11. Qb2 O-O 12. Nbd2 Nbd7 13. Be2 Nd5 14. O-O Nc3 15. Bc4 e5 16. Nb1 exd4 17. exd4 Nxb1 18. Raxb1 {½-½ (61) Fedoseev,V (2677)-Najer,E (2646) Moscow 2014}) 5. e3 {[%emt 0:03:59]} Bg4 {[%emt 0:05:16]} 6. Bxc4 {[%emt 0:02:10]} e6 {[%emt 0:00:49]} 7. O-O {[%emt 0:01:19]} Nbd7 {[%emt 0:01:49]} 8. Nc3 {[%emt 0:02:13]} Nb6 {[%emt 0:06:20]} 9. Be2 {[%emt 0:02:32]} Nbd5 {[%emt 0:01:17]} 10. Ne5 {[%emt 0:07:46]} Bxe2 $146 {[%emt 0:04:07]} ({Predecessor:} 10... Bf5 11. f3 Bg6 12. e4 Nb6 13. Be3 Nfd7 14. Qb3 Qc7 15. Nd3 {½-½ (43) Hajek,J (2200)-Sabol,M (2230) Czechia 1997}) 11. Qxe2 {[%emt 0:00:14]} Nd7 {[%emt 0:01:26]} 12. Nxd7 {[%emt 0:05:55]} Qxd7 {[%emt 0:00:07]} 13. e4 {[%emt 0:00:32]} Nxc3 {[%emt 0:01:02]} 14. bxc3 {[%emt 0:00:04]} Be7 {[%emt 0:00:22]} 15. Qg4 {[%emt 0:03:29]} g6 {[%emt 0:02:02]} 16. Bh6 {[%emt 0:07:00]} Rg8 {[%emt 0:00:46]} 17. Be3 {[%emt 0:05:14]} f5 {[%emt 0:12:06]} 18. exf5 {[%emt 0:03:47]} exf5 {[%emt 0:04:16]} 19. Qe2 {[%emt 0:00:55]} Kf7 {[%emt 0:02:32]} 20. a5 {[%emt 0:13:46]} Rge8 {[%emt 0:08:48]} 21. Rfb1 {[%emt 0:03:35]} Bd6 {[%emt 0:02:11]} 22. Qb2 {[%emt 0:07:56]} Rab8 {[%emt 0:02:09]} 23. d5 {[%emt 0:03:12]} c5 {[%emt 0:05:35]} 24. Qb5 {[%emt 0:03:38]} Qc7 {[%emt 0:02:09]} 25. Ra4 {[%emt 0:05:38]} f4 {[%emt 0:11:09]} (25... Bxh2+ $15 26. Kf1 Bd6) 26. Bd2 {[%emt 0:00:25]} Kg8 {[%emt 0:00:15]} 27. Qd3 {[%emt 0:02:35]} Qd7 {[%emt 0:04:05]} 28. Re4 {[%emt 0:03:41]} Rxe4 {[%emt 0:11:15]} 29. Qxe4 {[%emt 0:00:05]} Re8 {[%emt 0:00:14]} 30. Qd3 {[%emt 0:03:04]} ({Much weaker is} 30. Rxb7 $6 Qc8 $11) 30... Re7 {[%emt 0:08:38]} 31. c4 {[%emt 0:02:07]} Be5 {[%emt 0:00:21]} 32. Bc3 {[%emt 0:08:26]} Qd6 $16 {[%emt 0:04:20]} 1-0

[Event "43rd Guernsey Festival 2017"]
[Site "Vale"]
[Date "2017.10.19"]
[Round "5"]
[White "Dilleigh, Stephen P"]
[Black "Thurlow, Kevin J"]
[Result "1-0"]
[WhiteElo "2063"]
[BlackElo "2009"]
[Annotator "NA RC"]
[PlyCount "41"]
[EventDate "2017.??.??"]
[EventType "swiss"]
[EventCountry "GCI"]
[SourceTitle "playchess.com"]
[Source "ChessBase"]
[SourceQuality "1"]
[TimeControl "40/6000+30:2400+30"]

{[%evp 22,41,149,131,181,168,313,310,304,333,291,299,322,331,445,450,573,634,624,658,629,677]} 1. Nf3 {[%emt 0:00:00]} c5 {[%emt 0:00:15]} 2. c4 {[%emt 0:00:00]} Nf6 {[%emt 0:00:05]} 3. Nc3 {[%emt 0:00:00]} Nc6 {[%emt 0:00:08]} 4. g3 {[%emt 0:00:08]} g6 {[%emt 0:01:44]} 5. d4 {[%emt 0:00:12]} cxd4 {[%emt 0:00:07]} 6. Nxd4 {[%emt 0:00:08]} Bg7 {[%emt 0:00:17]} 7. Bg2 {[%emt 0:00:16]} O-O {[%emt 0:00:10]} 8. O-O {[%emt 0:00:15]} a6 {[%emt 0:06:13]} 9. c5 {[%emt 0:06:17]} Qa5 {[%emt 0:05:08]} 10. Nb3 {[%emt 0:01:09]} Qc7 {[%emt 0:00:12]} 11. Bf4 {[%emt 0:06:31] A39: Symmetrical English vs ...g6: 4 Bg2 Bg7 5 Nf3 Nf6 6 0-0 0-0 7 d4} e5 {[%emt 0:10:31]} 12. Bg5 {[%emt 0:00:43]} Re8 {[%emt 0:13:35]} 13. e4 $146 {[%emt 0:22:37]} ({Predecessor:} 13. Qd2 Nd4 14. Nxd4 exd4 15. Bxf6 dxc3 16. Bxc3 Qxc5 17. Bxg7 Kxg7 18. Rac1 Qe5 {1-0 (60) Nagle,S (2423)-Rosenthal,N (2156) chess.com INT 2017}) 13... Nd4 $2 {[%emt 0:07:38] [#]} (13... h6 $16) 14. Bxf6 $1 {[%emt 0:06:30]} ({Not} 14. Nxd4 exd4 15. Bxf6 (15. Qxd4 Nxe4 16. Qe3 Bxc3 $16) 15... dxc3 $16) 14... Bxf6 {[%emt 0:03:48]} 15. Nd5 {[%emt 0:00:12]} Qd8 {[%emt 0:00:11]} 16. Nxd4 {[%emt 0:03:43]} exd4 {[%emt 0:00:10] [#]} 17. f4 $1 {[%emt 0:02:03]} d6 {[%emt 0:05:53]} 18. cxd6 {[%emt 0:01:45]} Qxd6 {[%emt 0:00:08]} 19. e5 {[%emt 0:01:12]} Bxe5 {[%emt 0:00:06]} 20. fxe5 {[%emt 0:00:07]} Rxe5 {[%emt 0:00:12]} 21. Qxd4 $18 {[%emt 0:02:37]} 1-0

[Event "43rd Guernsey Festival 2017"]
[Site "Vale"]
[Date "2017.10.19"]
[Round "5"]
[White "Purdon, Colin"]
[Black "Campbell, Ian"]
[Result "1/2-1/2"]
[WhiteElo "2047"]
[BlackElo "1990"]
[Annotator "NA"]
[PlyCount "65"]
[EventDate "2017.??.??"]
[EventType "swiss"]
[EventCountry "GCI"]
[SourceTitle "playchess.com"]
[Source "ChessBase"]
[SourceQuality "1"]
[TimeControl "40/6000+30:2400+30"]

{[%evp 23,55,36,119,56,33,33,55,34,43,41,34,16,32,0,57,0,0,-148,-33,-39,0,-13,0,-12,-4,0,-15,0,13,12,16,32767,15,19]} 1. d4 {[%emt 0:00:00]} g6 {[%emt 0:00:02]} 2. c4 {[%emt 0:00:00]} Bg7 {[%emt 0:00:06]} 3. Nf3 {[%emt 0:00:00]} d6 {[%emt 0:00:20]} 4. Nc3 {[%emt 0:00:56]} c5 {[%emt 0:01:29]} 5. d5 {[%emt 0:04:50]} Nf6 {[%emt 0:03:40]} 6. e4 {[%emt 0:00:31]} Bg4 {[%emt 0:00:09]} 7. Be2 {[%emt 0:05:10]} O-O {[%emt 0:00:30]} 8. Be3 {[%emt 0:01:40] E91: King's Indian: Classical: 6 Be2, unusual replies including 6...c5 and 6...Bg4} (8. Ng5 Bxe2 9. Qxe2 Re8 10. O-O h6 11. Nf3 e6 12. Qd3 exd5 13. exd5 Nbd7 14. Bf4 Qb6 15. h3 a6 {½-½ (28) Medvegy,Z (2534)-Cicak,S (2509) Germany 2017}) 8... a6 {[%emt 0:00:10]} 9. O-O {[%emt 0:02:37]} Nbd7 {[%emt 0:05:12]} 10. h3 {[%emt 0:03:56]} Bxf3 {[%emt 0:02:01]} 11. Bxf3 {[%emt 0:00:06]} Qc7 {[%emt 0:00:05]} 12. Be2 {[%emt 0:05:12]} e5 $146 {[%emt 0:02:46]} (12... Rae8 $14) ({Predecessor:} 12... Ne8 13. Rc1 Be5 14. f4 Bxc3 15. Rxc3 Nef6 16. Bf3 b5 17. e5 Ne8 18. e6 {1-0 (57) Snoek,A (1923)-Dlugolecki,G (2062) ICCF email 2010}) 13. dxe6 {[%emt 0:03:57]} (13. Bd3 $16) 13... fxe6 {[%emt 0:00:43]} 14. Qd2 {[%emt 0:03:00]} Ne5 {[%emt 0:02:22]} 15. Rad1 {[%emt 0:19:47]} Rad8 {[%emt 0:00:17]} 16. f4 {[%emt 0:13:30]} Nc6 {[%emt 0:05:31]} 17. a3 {[%emt 0:01:30]} Qe7 {[%emt 0:03:56]} 18. Bf3 {[%emt 0:01:12]} Kh8 {[%emt 0:02:39]} 19. Qf2 {[%emt 0:00:33]} Nd7 {[%emt 0:07:12]} 20. Rd2 {[%emt 0:05:41]} (20. Qd2 $11 {keeps the balance.}) 20... Nd4 {[%emt 0:02:20]} (20... Nb6 $17 21. e5 Nxc4 22. exd6 Rxd6 23. Rxd6 Nxe3 24. Rxc6 Bd4 25. Rxe6 (25. Re1 $2 Nf5 $19) 25... Qxe6) 21. Rfd1 {[%emt 0:01:06]} Nb6 {[%emt 0:01:12]} (21... Nb8 $15) 22. Bxd4 {[%emt 0:01:46]} cxd4 {[%emt 0:00:07]} 23. Rxd4 {[%emt 0:04:33]} Rxf4 {[%emt 0:05:53] [#]} 24. c5 $1 {[%emt 0:06:26]} Nc8 {[%emt 0:09:22]} 25. R4d3 Rff8 {[%emt 0:04:18]} 26. cxd6 {[%emt 0:01:46]} Rxd6 {[%emt 0:07:48]} 27. Rxd6 {[%emt 0:00:50]} Nxd6 {[%emt 0:00:07]} 28. Qc5 $11 {[%emt 0:03:26]} Rd8 {[%emt 0:07:53]} 29. e5 {[%emt 0:01:35]} Nf5 {[%emt 0:02:00]} 30. Qxe7 {[%emt 0:01:06]} Rxd1+ {[%emt 0:00:26]} 31. Nxd1 {[%emt 0:00:06]} Nxe7 {[%emt 0:00:10]} 32. Bxb7 {[%emt 0:01:11]} a5 {[%emt 0:01:05]} 33. Ne3 1/2-1/2

[Event "43rd Guernsey Festival 2017"]
[Site "Vale"]
[Date "2017.10.19"]
[Round "5"]
[White "Bowmer, Kevin"]
[Black "Prins, Jan"]
[Result "1-0"]
[WhiteElo "2041"]
[BlackElo "2025"]
[Annotator "NA RC"]
[PlyCount "151"]
[EventDate "2017.??.??"]
[EventType "swiss"]
[EventCountry "GCI"]
[SourceTitle "playchess.com"]
[Source "ChessBase"]
[SourceQuality "1"]
[TimeControl "40/6000+30:2400+30"]

{[%evp 32,143,104,97,104,116,100,100,129,113,134,145,150,118,117,63,120,109,120,125,117,129,130,128,132,120,160,32767,32767,125,127,32767,32767,32767,32767,130,135,32767,123,32767,139,136,136,152,154,32767,177,32767,32767,0,0,0,32767,32767,32767,0,0,32767,-67,-122,-8,-43,-34,-51,32767,-45,-62,-49,-32,-34,0,-2,0,0,175,314,870,1317,977,2072,6179,29987,29986,29989,29992,29989,29989,29988,29987,29989,29989,29990,29990,29968,1815,898,791,2243,12841,955,847,968,959,1667,1379,6152,32767,32767,32767,12847,12833,12847,29979,12848]} 1. e4 {[%emt 0:00:00]} c6 {[%emt 0:00:02]} 2. d4 {[%emt 0:00:00]} d5 {[%emt 0:00:02]} 3. Nd2 {[%emt 0:00:00]} dxe4 {[%emt 0:00:06]} 4. Nxe4 {[%emt 0:00:08]} Bf5 {[%emt 0:00:10]} 5. Ng3 {[%emt 0:00:17]} Bg6 {[%emt 0:00:07]} 6. h4 {[%emt 0:00:48]} h6 {[%emt 0:00:05]} 7. Nf3 {[%emt 0:00:23]} Nd7 {[%emt 0:00:07]} 8. h5 {[%emt 0:00:45]} Bh7 {[%emt 0:00:04]} 9. Bd3 {[%emt 0:00:26]} Bxd3 {[%emt 0:00:05]} 10. Qxd3 {[%emt 0:00:12]} e6 {[%emt 0:00:03]} 11. Bd2 {[%emt 0:01:24]} Ngf6 {[%emt 0:00:45]} 12. O-O-O {[%emt 0:00:29]} Bd6 {[%emt 0:02:28]} 13. Ne4 {[%emt 0:03:17]} Nxe4 {[%emt 0:00:08]} 14. Qxe4 {[%emt 0:00:16]} Nf6 {[%emt 0:00:34] B19: Classical Caro-Kann: 4...Bf5 main line} 15. Qe2 {[%emt 0:00:38]} b5 {[%emt 0:06:23]} (15... Bc7 16. Kb1 Qd5 17. c4 Qe4+ 18. Qxe4 Nxe4 19. Be1 O-O-O 20. Kc2 Rhe8 21. Ne5 f6 22. Ng6 {½-½ (32) Kovalev,V (2640)-Shimanov,A (2646) Saint Louis 2017}) 16. Ne5 {[%emt 0:13:37]} Bxe5 {[%emt 0:04:27]} (16... Qc7 $14) 17. dxe5 {[%emt 0:02:35]} Nd5 {[%emt 0:00:08]} 18. Qg4 $146 {[%emt 0:12:42]} ({Predecessor:} 18. f4 a5 19. Qg4 O-O 20. Rde1 Qd7 21. Qf3 b4 22. g4 {0-1 (33) Mishev,P-Kukov,A (2052) Borovetz 2003}) 18... Qc7 {[%emt 0:05:05]} 19. Qxg7 {[%emt 0:03:36]} O-O-O {[%emt 0:00:03]} 20. Qg3 {[%emt 0:04:56]} ({Avoid the trap} 20. Bxh6 $2 Rdg8 $19) 20... Rdg8 {[%emt 0:00:36]} 21. Qf3 {[%emt 0:05:34]} Kb8 {[%emt 0:06:47]} 22. Qe4 {[%emt 0:03:34]} c5 {[%emt 0:02:12]} 23. a4 {[%emt 0:15:55]} ({White should play} 23. c3 $16) 23... a6 {[%emt 0:01:08]} 24. Rh3 {[%emt 0:01:23]} b4 {[%emt 0:09:47]} 25. b3 {[%emt 0:05:38]} Rc8 {[%emt 0:04:03]} 26. Rh4 {[%emt 0:11:46]} a5 {[%emt 0:04:24]} 27. Re1 {[%emt 0:05:12]} Qc6 {[%emt 0:04:15]} 28. Rg4 Qd7 {[%emt 0:02:22]} 29. Qd3 {[%emt 0:07:13]} Rc7 {[%emt 0:00:59]} 30. Kb2 {[%emt 0:04:21]} Qc6 {[%emt 0:06:34]} 31. Qe4 {[%emt 0:01:39]} Qd7 {[%emt 0:01:31]} 32. Qd3 {[%emt 0:01:34]} Kb7 {[%emt 0:03:18]} 33. g3 {[%emt 0:00:34]} Qc6 {[%emt 0:01:00]} 34. Re2 {[%emt 0:01:29]} Rd7 {[%emt 0:04:13]} 35. Qe4 {[%emt 0:00:21]} Ne7 {[%emt 0:09:28]} 36. Qxc6+ {[%emt 0:01:04]} Kxc6 {[%emt 0:00:07]} 37. Rf4 {[%emt 0:01:49]} Nd5 {[%emt 0:00:17]} 38. Rf3 {[%emt 0:00:25]} Nb6 {[%emt 0:00:16]} 39. Be3 {[%emt 0:00:33]} c4 {[%emt 0:00:40]} 40. c3 {[%emt 0:00:48]} (40. Re1 $16) 40... bxc3+ {[%emt 0:40:21]} 41. Kxc3 {[%emt 0:40:11]} Rd3+ {[%emt 0:01:50]} 42. Kc2 {[%emt 0:00:04]} Rxb3 {[%emt 0:02:39]} 43. Rxf7 {[%emt 0:00:34]} Nd5 {[%emt 0:00:53]} 44. Bc1 {[%emt 0:02:44]} Rhb8 {[%emt 0:01:17]} 45. Rd2 {[%emt 0:00:00] [#]} ({Better is} 45. Rf6 $15) 45... Rc3+ $2 {[%emt 0:00:00]} (45... R8b4 $1 $19 46. Kd1 Rxa4) 46. Kd1 {[%emt 0:00:00]} Rb1 {[%emt 0:00:00]} 47. Rc2 {[%emt 0:00:00]} Rd3+ {[%emt 0:00:00]} 48. Ke2 {[%emt 0:00:00]} Nc3+ $1 {[%emt 0:00:00]} 49. Rxc3 $1 {[%emt 0:00:00]} Rxc3 {[%emt 0:00:00]} 50. Bxh6 {[%emt 0:00:00]} Rc2+ {[%emt 0:00:00]} 51. Kf3 {[%emt 0:00:00]} Rh1 {[%emt 0:00:00]} 52. g4 {[%emt 0:00:00]} Re1 $2 {[%emt 0:00:00]} (52... c3 $11) 53. g5 {[%emt 0:00:00]} Rxe5 $2 {[%emt 0:09:24]} (53... Rf1 54. Kg2 Rcc1) 54. g6 {[%emt 0:00:00]} Rc3+ {[%emt 0:05:13]} 55. Kg2 {[%emt 0:00:00]} Rxh5 {[%emt 0:02:16]} 56. g7 {[%emt 0:00:00]} Rxh6 {[%emt 0:00:12]} 57. g8=Q {[%emt 0:00:00]} Rch3 {[%emt 0:00:12]} 58. Qc8+ {[%emt 0:00:00]} Kd5 {[%emt 0:00:18]} 59. Rd7+ {[%emt 0:00:00]} Ke5 {[%emt 0:00:12]} 60. Qc5+ {[%emt 0:00:00]} Kf6 {[%emt 0:00:09]} 61. Qd4+ {[%emt 0:00:00]} e5 {[%emt 0:02:10]} 62. Rd6+ {[%emt 0:00:00]} Kf5 {[%emt 0:00:09]} 63. Qc5 {[%emt 0:00:00]} Rh2+ {[%emt 0:00:12]} 64. Kf3 {[%emt 0:00:15]} R2h3+ {[%emt 0:06:20] [#]} 65. Ke2 $1 {[%emt 0:00:12]} Rxd6 {[%emt 0:01:42]} 66. Qxd6 {[%emt 0:00:07]} Rd3 {[%emt 0:00:02]} 67. Qc5 {[%emt 0:03:00]} Rd4 {[%emt 0:00:18]} 68. Qxa5 {[%emt 0:02:36]} Re4+ {[%emt 0:01:24]} 69. Kd2 {[%emt 0:00:36]} Kf4 {[%emt 0:00:08]} 70. Qc3 {[%emt 0:01:07]} Rd4+ {[%emt 0:01:03]} 71. Kc2 {[%emt 0:00:14]} Ke4 {[%emt 0:00:28]} 72. a5 $18 {[%emt 0:00:13]} Kd5 {[%emt 0:00:06]} 73. a6 {[%emt 0:00:14]} Rf4 {[%emt 0:00:09]} 74. Qe3 {[%emt 0:00:22]} Rf8 {[%emt 0:01:07]} 75. a7 {[%emt 0:01:00]} Kc6 {[%emt 0:00:41]} 76. a8=Q+ {[%emt 0:00:18] Kd5} 1-0